000 00268nam a2200097Ia 4500
001 1206631
005 20251015102345.0
008 250824s9999 xx 000 0 und d
245 0 _aMESNEVİDEN SEÇMELER
_cDERYA ÖRS
260 _bMİLLİ EĞİTİM BAKANLIĞI YAYINLARI
999 _c1206631
_d1206631